000 00853nam a22002057a 4500
008 160816b xxu||||| |||| 00| 0 eng d
020 _a978-0-07-337696-7 (pbk.)
082 _22009
_aDC 345.73
_bSch1m
100 _912907
_aSchaffer, Lisa.
245 _aMcGraw-Hill's criminal law for paralegals/
_bLisa Schaffer, contributing author ; Andrew Wietecki, contributing author/editor.
260 _aBoston :
_bMcGraw-Hill Higher Education,
_cc2009.
300 _axviii, 250 pages :
_billustrations ;
_c27 cm.
500 _aIncludes index.
650 0 _912908
_aCriminal law -- United States.
650 0 _912909
_aCriminal procedure -- United States.
650 0 _912910
_aLegal assistants -- United States -- Handbooks, manuals, etc.
700 _912911
_aWietecki, Andrew.
_econtributing author/editor
365 _b3,650.00
_cPhp
942 _2ddc
_cDC
999 _c3875
_d3875